Flags of Minor Countries (UPDATE) - Statistics

General Stats
  • This quiz has been taken 29 times
  • The average score is 18 of 20
Answer Stats
Picture Answer % Correct
San Marino
100%
Kiribati
96%
Dominica
93%
Nauru
93%
Palau
93%
Grenada
89%
Marshall Islands
89%
Samoa
89%
St. Lucia
89%
Tonga
89%
Antigua and Barbuda
86%
Comoros
86%
Gambia
86%
Sao Tome and Principe
86%
Seychelles
86%
Solomon Islands
86%
Vanuatu
86%
F. S. Micronesia
82%
Tuvalu
82%
Guinea-Bissau
68%
No matching quizzes found
Score Distribution
Percent of People with Each Score
Percentile by Number Answered
Your Score History
You have not taken this quiz